000
00283nam a2200109 a 4500
008
101214s1958|||| d
245
1
0
_a
Slovenské spevy pre mužské, ženské a miešané sbory
260
_b
SVKL
_a
Bratislava
_c
1958
020
_c
22
041
_a
slo
044
_a
xo
_c
SK
999
_c
15232
_d
15232